<?xml version="1.0" encoding="UTF-8"?><?xml-stylesheet type="text/xsl" href="static/style.xsl"?><OAI-PMH xmlns="http://www.openarchives.org/OAI/2.0/" xmlns:xsi="http://www.w3.org/2001/XMLSchema-instance" xsi:schemaLocation="http://www.openarchives.org/OAI/2.0/ http://www.openarchives.org/OAI/2.0/OAI-PMH.xsd"><responseDate>2026-04-18T04:29:10Z</responseDate><request verb="GetRecord" identifier="oai:www.recercat.cat:2072/421350" metadataPrefix="marc">https://recercat.cat/oai/request</request><GetRecord><record><header><identifier>oai:recercat.cat:2072/421350</identifier><datestamp>2026-03-16T20:25:33Z</datestamp><setSpec>com_2072_98</setSpec><setSpec>col_2072_378196</setSpec></header><metadata><record xmlns="http://www.loc.gov/MARC21/slim" xmlns:dcterms="http://purl.org/dc/terms/" xmlns:xsi="http://www.w3.org/2001/XMLSchema-instance" xmlns:doc="http://www.lyncode.com/xoai" xsi:schemaLocation="http://www.loc.gov/MARC21/slim http://www.loc.gov/standards/marcxml/schema/MARC21slim.xsd">
   <leader>00925njm 22002777a 4500</leader>
   <datafield ind2=" " ind1=" " tag="042">
      <subfield code="a">dc</subfield>
   </datafield>
   <datafield ind2=" " ind1=" " tag="720">
      <subfield code="a">Gama Ramos, Lorenzo</subfield>
      <subfield code="e">author</subfield>
   </datafield>
   <datafield ind2=" " ind1=" " tag="720">
      <subfield code="a">Universitat Autònoma de Barcelona. Escola d'Enginyeria</subfield>
      <subfield code="e">author</subfield>
   </datafield>
   <datafield ind2=" " ind1=" " tag="260">
      <subfield code="c">2013</subfield>
   </datafield>
   <datafield ind2=" " ind1=" " tag="520">
      <subfield code="a">El proyecto consiste en la creación de un sistema de mensajería que permita el envío y recepción de ficheros generados por el software de gestión sanitaria UNIT4 Ekon Salus. Las tareas a realizar son, por un lado, la portabilidad del sistema actual basado en Visual Basic a Java y, por el otro, la implementación de un sistema de control y notificación de errores, ya sean generados por el contenido de los ficheros o por la comunicación entre los programas de envío y recepción que constituyen el sistema de mensajería.</subfield>
   </datafield>
   <datafield ind2=" " ind1=" " tag="520">
      <subfield code="a">El projecte consisteix en la creació d'un sistema de missatgeria que permeti l'enviament i recepció de fitxers generats pel programari de gestió sanitària UNIT4 Ekon Salus. Les tasques a realitzar són, d'una banda, la portabilitat del sistema actual basat en Visual Basic a Java i, de l'altra, la implementació d'un sistema de control i notificació d'errors, ja siguin generats pel contingut dels fitxers o per la comunicació entre els programes d'enviament i recepció que constitueixen el sistema de missatgeria.</subfield>
   </datafield>
   <datafield ind2=" " ind1=" " tag="520">
      <subfield code="a">The project involves the creation of a messaging system that allows sending and receiving files generated by health management software UNIT4 Ekon Salus. The tasks are on the one hand, the portability of the current system based on VisualBasic to Java and, on the other hand, the implementation of amonitoring and reporting of errors, whether generated by thecontent of the files or communication between sending and receiving programs that make up the messaging system.</subfield>
   </datafield>
   <datafield tag="653" ind2=" " ind1=" ">
      <subfield code="a">Correu electrònic, Sistemes de Processament de dades</subfield>
   </datafield>
   <datafield tag="653" ind2=" " ind1=" ">
      <subfield code="a">Transmissió de dades, Sistemes de</subfield>
   </datafield>
   <datafield ind2="0" ind1="0" tag="245">
      <subfield code="a">Sistema de comunicación para mensajería de ficheros (HL7)</subfield>
   </datafield>
</record></metadata></record></GetRecord></OAI-PMH>